000 01484nam a2200397 i 4500
001 000004491
003 DO-SdBNP
005 20251120083852.0
007 ta
008 090723s2005 dr ac r 000 0 spa d
020 _a9945406043
040 _aDO-SdBNP
_bspa
_cBNPHU
_erda
041 _aspa
082 4 _a781.63
_bP438m
_222
100 1 _aPérez Cuello, Catana de,
_eautor
_4aut.
_913131
245 1 3 _aEl merengue :
_bmúsica y baile de la República Dominicana /
_cCatana Pérez de Cuello, Rafael Solano.
264 4 _aSanto Domingo, República Dominicana :
_bEditora Alfa y Omega,
_c©2005.
300 _a536 páginas :
_bilustraciones, retratos ;
_c24 cm.
336 _atexto
_btxt
_2rdacontent
337 _asin mediación
_bn
_2rdamedia
338 _avolumen
_bnc
_2rdacarrier
490 0 _aColección Popular Verizon
_v4
500 _aIncluye referencias bibliográficas y notas al pie de las páginas
590 _aInventariado, 2018/BT
590 _aLa biblioteca posee 1 ejemplar autográfiado por el autor
650 4 _aMerengue (baile)
_zRepública Dominicana
_913132
650 4 _aMerengue (música)
_vCaribe (Región)
_913133
650 4 _aMúsica popular dominicana
_xHistoria
_913134
650 4 _aGrupos musicales
_913135
650 1 4 _aOrquestas bailables
_913136
650 1 4 _aInstrumentos musicales
_913137
700 1 _aSolano, Rafael
_913138
830 0 _aPopular Verizon
_v4
_913139
910 _aValidado. Control de calidad MMOLINA
942 _2ddc
_cLBS1
999 _c4300
_d4300